Auditing concepts and methods : (Record no. 344895)

000 -LEADER
fixed length control field 00913 a2200265 4500
020 ## - INTERNATIONAL STANDARD BOOK NUMBER
International Standard Book Number 0071140948
020 ## - INTERNATIONAL STANDARD BOOK NUMBER
International Standard Book Number 9780071140942
082 04 - DEWEY DECIMAL CLASSIFICATION NUMBER
Classification number 657
090 ## - LOCALLY ASSIGNED LC-TYPE CALL NUMBER (OCLC); LOCAL CALL NUMBER (RLIN)
-- 2397
-- 2397
100 1# - MAIN ENTRY--PERSONAL NAME
Personal name Willingham, John J.
245 10 - TITLE STATEMENT
Title Auditing concepts and methods :
Remainder of title a guide to current theory and practice /
Statement of responsibility, etc. John J. Willingham.
250 ## - EDITION STATEMENT
Edition statement 6Rev Ed ed.
260 ## - PUBLICATION, DISTRIBUTION, ETC.
Place of publication, distribution, etc. [S.l.] :
Name of publisher, distributor, etc. McGraw-Hill Education (ISE Editions),
Date of publication, distribution, etc. 1995.
300 ## - PHYSICAL DESCRIPTION
Extent 621 p.
490 1# - SERIES STATEMENT
Series statement Mcgraw-hill international editions.
500 ## - GENERAL NOTE
General note Import.
500 ## - GENERAL NOTE
General note Paperback.
700 1# - ADDED ENTRY--PERSONAL NAME
Personal name Carmichael, D.R.
700 1# - ADDED ENTRY--PERSONAL NAME
Personal name Schaller, Carol.
700 1# - ADDED ENTRY--PERSONAL NAME
Personal name Schaller, Carol.
830 #0 - SERIES ADDED ENTRY--UNIFORM TITLE
Uniform title Mcgraw-hill international editions.
856 40 - ELECTRONIC LOCATION AND ACCESS
Materials specified Amazon.com
Uniform Resource Identifier <a href="http://www.amazon.com/exec/obidos/ASIN/0071140948/chopaconline-20">http://www.amazon.com/exec/obidos/ASIN/0071140948/chopaconline-20</a>
856 40 - ELECTRONIC LOCATION AND ACCESS
Materials specified Amazon customer reviews
Uniform Resource Identifier <a href="http://www.chopac.org/cgi-bin/tools/azrev.pl?q=0071140948">http://www.chopac.org/cgi-bin/tools/azrev.pl?q=0071140948</a>
942 ## - ADDED ENTRY ELEMENTS (KOHA)
Institution code [OBSOLETE] NBS
Koha item type Book
Call number prefix 657.45 CAR
Holdings
Withdrawn status Lost status Damaged status Not for loan Permanent Location Current Location Date acquired Total Checkouts Total Renewals Full call number Barcode Date last seen Date last checked out Price effective from Koha item type
        Central Library (CL) Central Library (CL) 08/28/2013 2 1 657.45 CAR NBS3328 02/20/2020 12/13/2019 08/28/2013 Book
© 2023 Central Library, National University of Sciences and Technology. All Rights Reserved.